Statistics for Which City in Brazil

Click here to take the quiz!

General Stats

  • This quiz has been taken 301 times
  • The average score is 14 of 20

Answer Stats

DescriptionLetterCity% Correct
Capital of BrazilBBrasília
100%
Biggest metro area in BrazilSSão Paulo
98%
Home to the statue of Christ the RedeemerRRio de Janeiro
97%
Biggest city in the Amazon riverMManaus
93%
Its name literally means "reef" in portugueseRRecife
91%
Former capital of Brazil, 1549-1763SSalvador
84%
Believed to have bordered Lagos, Nigeria, before the continental driftFFortaleza
82%
Most southern capitalPPorto Alegre
82%
3rd biggest metro area in BrazilBBelo Horizonte
80%
Most northern metro area with more than 1 million peopleBBelém
74%
Capital with the highest HDICCuritiba
72%
Closest state capital to the aboveGGoiânia
62%
Renamed "New Amsterdam" during the dutch invasion in the 17th centuryNNatal
61%
Its name literally means "big field" in portugueseCCampo Grande
60%
Biggest metro area excluding capitalsCCampinas
59%
City inside the metro area above, home to the biggest airport in Brazil (GRU)GGuarulhos
50%
City where ATP Hall-of-Famer Gustavo Kuerten was bornFFlorianópolis
46%
Home to the second place with most visits by foreigners in Brazil, on the argentinian borderFFoz do Iguaçu
43%
Smallest metro area to hold a FIFA World Cup match in 2014CCuiabá
39%
Home to a soccer/football team that lost many players on a plane crash in 2016CChapecó
38%

Score Distribution

Percentile by Number Answered

Percent of People with Each Score

Your Score History

You have not taken this quiz